Digital communication (Record no. 4593)
[ view plain ]
| 000 -LEADER | |
|---|---|
| fixed length control field | 00681 a2200193 4500 |
| 020 ## - INTERNATIONAL STANDARD BOOK NUMBER | |
| International Standard Book Number | 0792375483 |
| 040 ## - CATALOGING SOURCE | |
| Original cataloging agency | DLC |
| Language of cataloging | DLC |
| 100 1# - MAIN ENTRY--PERSONAL NAME | |
| Personal name | Barry, John R., |
| 245 10 - TITLE STATEMENT | |
| Title | Digital communication |
| Statement of responsibility, etc. | John R. Barry, Edward A. Lee, David G. Messerschmitt. |
| 250 ## - EDITION STATEMENT | |
| Edition statement | 3rd ed. |
| 260 ## - PUBLICATION, DISTRIBUTION, ETC. | |
| Place of publication, distribution, etc. | Boston [Mass.] ; |
| -- | London : |
| Name of publisher, distributor, etc. | Kluwer Academic Publishers, |
| Date of publication, distribution, etc. | c2004. |
| 300 ## - PHYSICAL DESCRIPTION | |
| Extent | xvi, 838 p. : |
| Other physical details | ill. ; |
| Dimensions | 27 cm. |
| 500 ## - GENERAL NOTE | |
| General note | Rev. ed. of: Digital communication / Edward A. Lee, David G. Messerschmitt. 2nd ed. c1994. |
| 650 #0 - SUBJECT ADDED ENTRY--TOPICAL TERM | |
| Topical term or geographic name entry element | Digital communications. |
| 700 1# - ADDED ENTRY--PERSONAL NAME | |
| Personal name | Lee, Edward A., |
| Dates associated with a name | 1957- |
| 700 1# - ADDED ENTRY--PERSONAL NAME | |
| Personal name | Messerschmitt, David G. |
| 700 1# - ADDED ENTRY--PERSONAL NAME | |
| Personal name | Lee, Edward A., |
| Dates associated with a name | 1957- |
| 942 ## - ADDED ENTRY ELEMENTS (KOHA) | |
| Koha item type | Book |
| Call number prefix | 621.382 BAR |
| Source of classification or shelving scheme | |
| Withdrawn status | Lost status | Damaged status | Not for loan | Collection code | Permanent Location | Current Location | Shelving location | Date acquired | Source of acquisition | Cost, normal purchase price | Total Checkouts | Full call number | Barcode | Date last seen | Price effective from | Koha item type |
|---|---|---|---|---|---|---|---|---|---|---|---|---|---|---|---|---|
| Central Library (CL) | Central Library (CL) | General Stacks | 03/11/2004 | Progressive International Agencies | 8363.00 | 621.382 BAR | SEECS004251 | 11/14/2012 | 01/05/2017 | Book | ||||||
| Central Library (CL) | Central Library (CL) | General Stacks | 03/10/2004 | Perfect Copier | 946.00 | 621.382 BAR | SEECS004241 | 11/14/2012 | 01/05/2017 | Book | ||||||
| Central Library (CL) | Central Library (CL) | General Stacks | 03/10/2004 | Perfect Copier | 946.00 | 621.382 BAR | SEECS004243 | 11/14/2012 | 01/05/2017 | Book | ||||||
| Central Library (CL) | Central Library (CL) | General Stacks | 03/10/2004 | Perfect Copier | 946.00 | 621.382 BAR | SEECS004242 | 11/14/2012 | 01/05/2017 | Book | ||||||
| Central Library (CL) | Central Library (CL) | General Stacks | 03/10/2004 | Perfect Copier | 946.00 | 621.382 BAR | SEECS004239 | 11/14/2012 | 01/05/2017 | Book | ||||||
| Central Library (CL) | Central Library (CL) | General Stacks | 03/10/2004 | Perfect Copier | 946.00 | 621.382 BAR | SEECS004240 | 11/14/2012 | 01/05/2017 | Book | ||||||
| Central Library (CL) | Central Library (CL) | General Stacks | 03/01/2007 | Progressive International Agencies | 6009.69 | 621.382 BAR | SEECS008193 | 11/14/2012 | 01/05/2017 | Book |
